Поздравляем!; Томский политехник; Вып. 3
| Parent link: | Томский политехник: ежегодный журнал/ Томский политехнический университет (ТПУ), Ассоциация выпускников.— , 1995- Вып. 3.— 1997.— [С. 74] |
|---|---|
| Päätekijä: | |
| Yhteenveto: | Заглавие с титульного листа Электронная версия печатной публикации |
| Kieli: | venäjä |
| Julkaistu: |
1997
|
| Sarja: | Юбилеи |
| Aiheet: | |
| Linkit: | Цветная версия без потери качества |
| Aineistotyyppi: | Elektroninen Kirjan osa |
| KOHA link: | https://koha.lib.tpu.ru/cgi-bin/koha/opac-detail.pl?biblionumber=189148 |
MARC
| LEADER | 00000nla2a2200000 4500 | ||
|---|---|---|---|
| 001 | 189148 | ||
| 005 | 20231031175157.0 | ||
| 035 | |a (RuTPU)RU\TPU\book\205525 | ||
| 035 | |a RU\TPU\book\205523 | ||
| 090 | |a 189148 | ||
| 100 | |a 20101221d1997 km y0rusy50 ca | ||
| 101 | 0 | |a rus | |
| 102 | |a RU | ||
| 135 | |a drnn ---uucaa | ||
| 181 | 0 | |a i | |
| 182 | 0 | |a b | |
| 200 | 1 | |a Поздравляем! |b Электронный ресурс |f М. М. Михайлов | |
| 203 | |a Текст |c электронный | ||
| 215 | |a 1 файл (2.9 Мб) | ||
| 225 | 1 | |a Юбилеи | |
| 230 | |a Электронные текстовые данные (1 файл : 2.9 Мб) | ||
| 300 | |a Заглавие с титульного листа | ||
| 300 | |a Электронная версия печатной публикации | ||
| 337 | |a Adobe Reader | ||
| 461 | 1 | |0 (RuTPU)RU\TPU\book\202435 |t Томский политехник |o ежегодный журнал |f Томский политехнический университет (ТПУ), Ассоциация выпускников |d 1995- | |
| 463 | 1 | |0 (RuTPU)RU\TPU\book\205097 |t Вып. 3 |v [С. 74] |d 1997 |p 95 с. | |
| 601 | 0 | 2 | |a Томский политехнический университет (ТПУ) |c (1991-2009) |2 stltpush |3 (RuTPU)RU\TPU\col\376 |
| 610 | 1 | |a поздравления | |
| 610 | 1 | |a юбилеи | |
| 610 | 1 | |a стихи | |
| 610 | 1 | |a электронный ресурс | |
| 700 | 1 | |a Михайлов |b М. М. |c специалист в области электротехники |c заведующий лабораторией радиационного и космического материаловедения ТУСУРа |c доктор физико-математических наук, профессор |f 1941- |g Михаил Михайлович |2 stltpush |3 (RuTPU)RU\TPU\pers\11869 | |
| 801 | 1 | |a RU |b 63413507 |c 20101101 | |
| 801 | 2 | |a RU |b 63413507 |c 20220217 |g RCR | |
| 856 | 4 | |u http://www.lib.tpu.ru/fulltext/v/Tomsk_polytechnic/1997/N3a28_full.pdf |z Цветная версия без потери качества | |
| 942 | |c CF | ||